000 00697nam a2200169 i 4500
001 85949
003 ES-MaACL
005 20230906175337.0
007 t|
008 041203m19001999gw ||||1| ger d
100 1 _aKeller, Gottfried.
_967764
245 1 0 _aGesammelte werthw
_b: mene wohlfeile ausgabe /
_cGottfried Keller.
260 _aLeipzig :
_bSpamerscher Buchdruckerei,
_c[19--?]
300 _a5 v. ;
_c20 cm.
505 8 _aContiene: V.I.: Der grüne heinrch (1ª y 3ª parte). -- V.II.: Der grüne heinrch (4ª parte). -- V.III.: Die lente von sedwyla. -- V.IV.: Martin salander : das sinngedicht. -- V.V.: Sieben legendum : gesammelte gedicht
852 _aES-MaACL
_jF-15053-57
_bR.18810
999 _c85949
_d85949